Educación democrática; segundo año /

Guardado en:
Autor Principal: Delfino, Jorge Raúl
Formato: Libro
Publicado: Buenos Aires : Losada, 1959
Edición:2a. ed.
Etiquetas: Agregar Etiqueta
Sin Etiquetas, Sea el primero en etiquetar este registro!
LEADER 00435nam a22001575a 4500
001 CEM.cems009972
005 20060214000000.0
008 130507s1959##################000#0#####d
003 CEMS
082 0 4 |a 320 
100 1 |a Delfino, Jorge Raúl 
245 1 0 |a Educación democrática; segundo año / 
250 |a 2a. ed. 
260 |a Buenos Aires :  |b Losada,  |c 1959 
300 |a 259 p.1 
859 |a CEMS  |b BIB. CEMS - 11 de abril  |h 320  |i D378-1a2  |p 8638.81  |t Ej.1